00000000nam 2200000zi 4500
0019.949108
003CaOODSP
00520250821150526
006m     o  d f      
007cr |n|||||||||
008250314e202504  onc     o    f00| 0 fre d
020 |a9780660764115
040 |aCaOODSP|bfre|erda|cCaOODSP
043 |an-cn---
0861 |aPS4-334/1-2025F-PDF
24500|aArmes à feu et sécurité publique : |bagir à l'égard du risque.
264 1|a[Ottawa] : |bSécurité publique Canada = Public Safety Canada, |cavril 2025.
264 4|c©2025
300 |a1 ressource en ligne (4 pages non numérotées)
336 |atexte|btxt|2rdacontent/fre
337 |ainformatique|bc|2rdamedia/fre
338 |aressource en ligne|bcr|2rdacarrier/fre
500 |aPublié aussi en anglais sous le titre : Firearms and public safety : addressing risk.
650 6|aArmes à feu|zCanada|xSécurité|xMesures.
650 6|aArmes à feu|xDroit|zCanada.
7101 |aCanada. |bSécurité publique Canada, |eorganisme de publication.
77508|tFirearms and public safety : |w(CaOODSP)9.949107
85640|qPDF|s365 Ko|uhttps://publications.gc.ca/collections/collection_2025/sp-ps/PS4-334-1-2025-fra.pdf
8564 |qHTML|sS.O.|uhttps://www.securitepublique.gc.ca/cnt/rsrcs/pblctns/rd-flg-ddrss-rsk/index-fr.aspx